|
|
|
|
| LEADER |
01032ncm a22002532a 4500 |
| 001 |
000367015 |
| 003 |
CZ BrMZK |
| 005 |
20130918153812.0 |
| 008 |
980105s1929 xr f zxx d |
| 040 |
|
|
|a BOA001
|b cze
|
| 072 |
|
7 |
|a 787
|x Hudba pro strunné a smyčcové nástroje
|2 Konspekt
|9 9
|
| 100 |
1 |
|
|a Ševčík, Otakar,
|d 1852-1934
|7 jk01122844
|4 arr
|4 edt
|
| 245 |
1 |
0 |
|a Škola houslového přednesu na podkladě melodickém ve dvou dílech, op. 16.
|n I. díl,
|p Úvod do sólové hry.
|n Sešit 13.
|h [hudebnina] /
|c Otakar Ševčík
|
| 246 |
3 |
0 |
|a Úvod do sólové hry
|
| 260 |
|
|
|a Brno :
|b Ol. Pazdírek,
|c 1929
|
| 300 |
|
|
|a 11 s.
|
| 490 |
1 |
|
|a Pazdírek ;
|v 513
|
| 505 |
0 |
|
|a Théme original z op. 15 : Výměna táhlých a odrážených tónů
|
| 700 |
1 |
2 |
|a Wieniawski, Henryk,
|d 1835-1880.
|t Thème original varié;
|o arr.
|
| 830 |
|
0 |
|a Pazdírkova edice
|
| 910 |
|
|
|a BOA001
|b Mus4-0087.323,513
|
| 990 |
|
|
|a MU
|
| 991 |
|
|
|b 201303
|
| 996 |
6 |
|
|b 2619853710
|c Mus4-0087.323,513
|l MZK
|r Sklad / do 1 hodiny
|n 0
|w 000367015
|u 000010
|a 1
|e BOA001
|j MZK50
|s P
|